000 01518nam0a2200361 4500
001 RU\NLR\bibl\1656822
005 20250407152044.0
010 _a978-5-7142-1162-1
_9300
021 _aRU
_b2010-44998
_93011
035 _a(NLR Aleph) 001648122
035 _a(nilc)RSL-KNO-004661037
090 _a904440
_c904440
100 _a20100622d2010 u y0rusy50 ca
101 0 _arus
102 _aRU
105 _ay zzzz|||||
200 1 _aПока жива память
_eк 65-летию Победы в Великой Отечественной войне
_fВиленин Рычков
210 _aШадринск
_cШадринский Дом печати
_d2010
215 _a143, [1] с., [32] л. ил., портр.
_cил., портр.
_d20
606 1 _aВеликая Отечественная война
_xГерои и героизм
_yШадринск, город (Курганская область)
_z1941 - 1945
_92214319
_3RU\NLR\AUTH\661330034
606 1 _aФутбол
_yШадринск, город (Курганская область)
_92606395
_3RU\NLR\AUTH\661542953
686 1 _aТ3(2)722.782(2Р-4Кур-2Ш)
686 1 _aТ3(2)722.9-9(2Р-4Кур-2Ш)
686 1 _aЦ35(2)722-424д(2Р-4Кур-2Ш)
686 1 _aЧ515.783(2Р)
700 1 _aРычков
_bВ. Ф.
_gВиленин Федорович
_4070
801 0 _aRU
_bРГБ
_c20100622
_grcr
801 1 _aRU
_bРГБ
_c20100622
801 2 _aRU
_bNLR
_c20100720
_grcr
942 _cBOOK
980 _aNB
980 _aNBR